| 000 | 04529cam a22012134i 4500 | ||
|---|---|---|---|
| 003 | PE-LiUPU | ||
| 005 | 20250813185609.0 | ||
| 008 | 150706s2011 ag rb 000 0 spa d | ||
| 020 | _a9505575882 | ||
| 020 | _a9789505575886 | ||
| 035 | _a(Sirsi) i9789505575886 | ||
| 040 |
_aPE-LiUPU _bspa _cPE-LiUPU _erda |
||
| 049 | _aPRUA | ||
| 082 | 0 | 4 |
_a330.95694 _bA87 _221 |
| 100 | 1 |
_aAttali, Jacques, _eautor. |
|
| 245 | 1 | 4 |
_aLos judíos, el mundo y el dinero / _chistoria económica del pueblo judío. |
| 264 | 1 |
_aBuenos Aires : _bFondo de cultura económica, _c2011. |
|
| 300 |
_a554 páginas ; _c23 cm. |
||
| 336 |
_atext _2rdacontent |
||
| 337 |
_aunmediated _2rdamedia |
||
| 338 |
_avolume _2rdacarrier |
||
| 504 | _aIncluye notas bibliográficas. | ||
| 505 | 0 | _aGénesis (-2000 / +70) -- Hasta Egipto: del trueque a la plata -- Israel en Egipto: de la plata al oro -- El sentido de las palabras: nomadismo y abstracción -- Jueces y reyes: del oro a la moneda -- Primer exilio en Babilonia: de la moneda a las finanzas -- Retorno a Palestina: de las finanzas a la ruina -- El talento, los persas, el Templo -- Éxodo (70 - 1096) -- Con Roma y sin el Templo: primera red nómada -- Cristianos y judíos frente al dinero -- Babilonia, corazón del mundo -- La nueva doctrina económica: el Talmud y el dinero -- Entre Roma y Bizancio: la nueva posibilidad de Israel -- Felices como en islam -- Primeros banqueros de los cristianos -- Los mercaderes judíos pasan al Oeste -- Levítico (1096 - 1789) -- Viajar más al Este (año 1000) -- Prestamistas y vendidos (1000 - 1260) -- El dinero sin judíos (1260 - 1492) -- De Islam y de Polonia (1260 - 1492) -- Financiar los descubrimientos y desaparecer (1000 - 1492) -- Judaísmo de Oriente: mercaderes de sustitución (1492 - 1700) -- Judíos del príncipe y príncipes sin judíos (1492 - 1700) -- Judíos de incógnito en el núcleo del capital (1492 - 1700) -- Los tres nuevos mundos (1492 - 1700) -- Vida y muerte de las naciones en el siglo XVIII -- Proveedores de corte y revolución industrial (1700 - 1800) -- Números (1789 - 1945) -- Los comunicadores de la Revolución Industrial -- Tres espectros -- Cuatro matrices -- La ley del número -- Lo nuevo, la crisis, lo viejo -- La economía de la Shoá -- Deuteronomio (1945-) -- Las Tierras y el Libro -- No hay sedentarios sin nómadas -- El eslabón de Oriente: Israel -- -El eslabón de Occidente: las diásporas -- De Occidente y de Oriente. | |
| 526 | _aP202 | ||
| 526 | _aP201 | ||
| 526 | _aP163 | ||
| 526 | _aP162 | ||
| 526 | _aP161 | ||
| 526 | _aP160 | ||
| 526 | _aP148 | ||
| 526 | _aP147 | ||
| 526 | _aP146 | ||
| 526 | _aP145 | ||
| 526 | _aP144 | ||
| 526 | _aP143 | ||
| 526 | _aP142 | ||
| 526 | _aP141 | ||
| 526 | _aP140 | ||
| 526 | _aP139 | ||
| 526 | _aP138 | ||
| 526 | _aP137 | ||
| 526 | _aP136 | ||
| 526 | _aP135 | ||
| 526 | _aP134 | ||
| 526 | _aP133 | ||
| 526 | _aP129 | ||
| 526 | _aP128 | ||
| 526 | _aP127 | ||
| 526 | _aP120 | ||
| 526 | _aP119 | ||
| 526 | _aP118 | ||
| 526 | _aP116 | ||
| 526 | _aP115 | ||
| 526 | _aP114 | ||
| 526 | _aP110 | ||
| 526 | _aP109 | ||
| 526 | _aP108 | ||
| 526 | _aP104 | ||
| 526 | _aP103 | ||
| 526 | _aP102 | ||
| 526 | _aP99 | ||
| 526 | _aP98 | ||
| 526 | _aP97 | ||
| 526 | _aP96 | ||
| 526 | _aP95 | ||
| 526 | _aP93 | ||
| 526 | _aP90 | ||
| 526 | _aP89 | ||
| 526 | _aP88 | ||
| 526 | _aP83 | ||
| 526 | _aP82 | ||
| 526 | _aP62 | ||
| 526 | _aP59 | ||
| 526 | _aP58 | ||
| 526 | _aP57 | ||
| 526 | _aP51 | ||
| 526 | _aP49 | ||
| 526 | _aP48 | ||
| 526 | _aP47 | ||
| 526 | _aP29 | ||
| 526 | _aP24 | ||
| 526 | _aP20 | ||
| 526 | _aP19 | ||
| 526 | _aP17 | ||
| 526 | _aP15 | ||
| 526 | _aP14 | ||
| 526 | _aP12 | ||
| 526 | _aP10 | ||
| 526 | _aP09 | ||
| 526 | _aP08 | ||
| 526 | _aP07 | ||
| 526 | _aP06 | ||
| 526 | _aP05 | ||
| 526 | _aP04 | ||
| 526 | _aP01 | ||
| 541 | _g002-030807; | ||
| 650 | 0 | 4 |
_aJudíos _xHistoria económica. |
| 910 | _agl20111209 | ||
| 942 |
_2ddc _cBOOK |
||
| 949 |
_a330.95694 A87 _wDEWEY _c1 _i64162 _lCCODEBUL1 _mBUL _p28.00 _r0 _sY _tBOOK _u2015-7-6 _xFCE _PP04 _o.STAFF. Colección General |
||
| 994 |
_aC0 _bPEPRU |
||
| 596 | _a1 | ||
| 999 |
_a330.95694 A87 _wDEWEY _c52991 _i64162 _d52991 _e2017-10-29 _f2021-11-5 _g6 _lCCODEBUL1 _mBUL _n2 _p28.00 _q1 _r0 _sY _tBOOK _u2015-7-6 _xFCE _zP04 _0COMPRA _o.STAFF. Colección General |
||
| 980 |
_81 _gALBERTO SANCHEZ Responsable de Automatización |
||